Normal view MARC view
  • Installations (Art)

Entry Topical Term

Number of records used in: 1

001 - CONTROL NUMBER

  • control field: 33580

003 - CONTROL NUMBER IDENTIFIER

  • control field: NUST

005 - DATE AND TIME OF LATEST TRANSACTION

  • control field: 20201020150221.0

008 - FIXED-LENGTH DATA ELEMENTS

  • fixed length control field: 201020|| aca||aabn | a|a d

040 ## - CATALOGING SOURCE

  • Original cataloging agency: NUST
  • Transcribing agency: NUST

150 ## - HEADING--TOPICAL TERM

  • Topical term or geographic name entry element: Installations (Art)

670 ## - SOURCE DATA FOUND

  • Source citation: Work cat.: (NUST)638: Bonnemaison, Sarah. 33579, Installations by architects :, 2009.
© 2023 Central Library, National University of Sciences and Technology. All Rights Reserved.